Prosa escogida / (Record no. 98349)

MARC details
000 -LEADER
campo de control de longitud fija 00793nam a2200217 i 4500
001 - NÚMERO DE CONTROL
campo de control 98349
003 - IDENTIFICADOR DE NÚMERO DE CONTROL
campo de control ES-MaACL
005 - FECHA Y HORA DE LA ÚLTIMA TRANSACCIÓN
campo de control 20240424162731.0
007 - CAMPO FIJO DE DESCRIPCIÓN FÍSICA--INFORMACIÓN GENERAL
campo de control de longitud fija t|
008 - DATOS DE LONGITUD FIJA--INFORMACIÓN GENERAL
campo de control de longitud fija 050728s1975 sp ||||1| spa d
080 ## - NÚMERO DE LA CLASIFICACIÓN DECIMAL UNIVERSAL
Número de la Clasificación Decimal Universal 860(729.1)-821"18"
100 1# - ENTRADA PRINCIPAL--NOMBRE DE PERSONA
Nombre de persona Martí, José,
Fechas asociadas al nombre 1853-1895
9 (RLIN) 77189
245 10 - MENCIÓN DEL TÍTULO
Título Prosa escogida /
Mención de responsabilidad, etc. José Martí ; selección, introducción y notas, José Olivio Jiménez.
260 ## - PUBLICACIÓN, DISTRIBUCIÓN, ETC.
Lugar de publicación, distribución, etc. Madrid :
Nombre del editor, distribuidor, etc. E.M.E.S.A.,
Fecha de publicación, distribución, etc. 1975.
300 ## - DESCRIPCIÓN FÍSICA
Extensión 256 p. ;
Dimensiones 18 cm.
490 1# - MENCIÓN DE SERIE
Mención de serie Novelas y cuentos. Literatura hispano-americana. Clásicos siglo XIX ;
Designación de volumen o secuencia 165
700 0# - ENTRADA AGREGADA--NOMBRE PERSONAL
Nombre de persona Jiménez, José Olivio,
Fechas asociadas al nombre 1926-2003
9 (RLIN) 66415
830 1# - PUNTO DE ACCESO ADICIONAL DE SERIE-TÍTULO UNIFORME
Título uniforme Novelas y cuentos. Literatura hispano-americana. Clásicos siglo XIX ;
Designación de volumen o secuencia 165
9 (RLIN) 232330
852 ## - LOCALIZACIÓN
Ubicación ES-MaACL
Número de control de estantería E-8048
Holdings
Estatus retirado Estado de pérdida Estado de daño No para préstamo Biblioteca de origen Biblioteca actual Ubicación en estantería Fecha de adquisición Fuente de adquisición Total de préstamos Signatura topográfica completa Código de barras Visto por última vez Precio de reemplazo Tipo de ítem Koha
        Biblioteca del Ateneo de Madrid Biblioteca del Ateneo de Madrid Depósito 2 17/01/2008     E-8048 1102669 23/02/2023 23/02/2023 Libro impreso